Central Library OPAC University of Rajshahi

Organic chemistry / (Record no. 73610)

MARC details
000 -LEADER
fixed length control field 00838nam a2200265 a 4500
001 - CONTROL NUMBER
control field 73610
003 - CONTROL NUMBER IDENTIFIER
rucl marc code BD-RjUL
005 - DATE AND TIME OF LATEST TRANSACTION
control field 20211209082422.0
008 - FIXED-LENGTH DATA ELEMENTS--GENERAL INFORMATION
fixed length control field 170605r19701969enka b 001 0 d
020 ## - INTERNATIONAL STANDARD BOOK NUMBER
International Standard Book Number 0582442184 (v.2)
035 ## - SYSTEM CONTROL NUMBER
System control number (BD-RjUL)73828
040 ## - CATALOGING SOURCE
Original cataloging agency WOO
Transcribing agency WOO
Language of cataloging eng
Modifying agency BD-RjUL
041 ## - LANGUAGE CODE
Language code of text/sound track or separate title eng
082 ## - DEWEY DECIMAL CLASSIFICATION NUMBER
Edition number 23
Classification number 547
Author mark and year FIO 1970
090 ## - LOCALLY ASSIGNED LC-TYPE CALL NUMBER (OCLC); LOCAL CALL NUMBER (OCLC)
Classification number (OCLC) (R) ; Classification number, CALL (RLIN) (NR) QD251
Local cutter number (OCLC) ; Book number/undivided call number, CALL (RLIN) .F565
100 1# - MAIN ENTRY--PERSONAL NAME
Personal name Finar, I. L.
Fuller form of name (Ivor Lionel)
9 (RLIN) 118602
245 10 - TITLE STATEMENT
Title Organic chemistry /
Statement of responsibility, etc. I.L. Finar.
250 ## - EDITION STATEMENT
Edition statement E.L.B.S 4th ed.
260 ## - PUBLICATION, DISTRIBUTION, ETC. (IMPRINT)
Place of publication, distribution, etc. London :
Name of publisher, distributor, etc. Longman,
Date of publication, distribution, etc. 1969[ Reprinted 1970 ].
300 ## - PHYSICAL DESCRIPTION
Pagination v. :
Illustrations ill. ;
Size 26 cm.
504 ## - BIBLIOGRAPHY, ETC. NOTE
Bibliography, etc Includes bibliographical references and indexes.
505 0# - FORMATTED CONTENTS NOTE
Formatted contents note v. 1 The fundamental principles -- v. 2 Stereochemistry and the chemistry of natural products --
650 #0 - SUBJECT ADDED ENTRY--TOPICAL TERM
Topical term or geographic name as entry element Chemistry, Organic.
9 (RLIN) 209975
942 ## - ADDED ENTRY ELEMENTS (KOHA)
Source of classification or shelving scheme Dewey Decimal Classification
Koha item type Books
Holdings
Lost status Source of classification or shelving scheme Damaged status Not for loan Collection code Permanent Location Current Location Shelving location Date acquired Source of acquisition Total Checkouts Full call number Date last seen Copy number Koha item type Cost, normal purchase price Date checked out
  Dewey Decimal Classification   Not For Loan Non-fiction Central Library, University of Rajshahi Central Library, University of Rajshahi Reading Room 04/02/1973 Britain   547 FIO V-2 1970 05/06/2017 C-1 Books    
  Dewey Decimal Classification     Non-fiction Central Library, University of Rajshahi Central Library, University of Rajshahi   04/02/1973 Britain   547 FIO V-2 1970 05/06/2017 C-2 Books    
  Dewey Decimal Classification     Non-fiction Central Library, University of Rajshahi Central Library, University of Rajshahi   04/02/1973 Britain   547 FIO V-2 1970 05/06/2017 C-3 Books    
  Dewey Decimal Classification   Not For Loan Non-fiction Central Library, University of Rajshahi Central Library, University of Rajshahi Reading Room 03/12/1965 Zeitlinger   547 FIO V-1 1964 05/06/2017 C-1 Books 165.00  
  Dewey Decimal Classification     Non-fiction Central Library, University of Rajshahi Central Library, University of Rajshahi   04/02/1973 Britain   547 FIO V-2 1970 05/06/2017 C-4 Books    
  Dewey Decimal Classification     Non-fiction Central Library, University of Rajshahi Central Library, University of Rajshahi   04/02/1973 Britain   547 FIO V-2 1970 05/06/2017 C-5 Books    
  Dewey Decimal Classification     Non-fiction Central Library, University of Rajshahi Central Library, University of Rajshahi   04/02/1973 Britain 1 547 FIO V-2 1970 17/09/2019 C-6 Books   03/09/2019
  Dewey Decimal Classification     Non-fiction Central Library, University of Rajshahi Central Library, University of Rajshahi   04/02/1973 Britain   547 FIO V-2 1970 06/06/2017 C-7 Books    
  Dewey Decimal Classification     Non-fiction Central Library, University of Rajshahi Central Library, University of Rajshahi   25/03/1974 Britain   547 FIO V-2 1968 06/06/2017 C-8 Books    
  Dewey Decimal Classification     Non-fiction Central Library, University of Rajshahi Central Library, University of Rajshahi   25/03/1974 Britain   547 FIO V-2 1970 06/06/2017 C-9 Books    
  Dewey Decimal Classification     Non-fiction Central Library, University of Rajshahi Central Library, University of Rajshahi   04/02/1973 Britain 1 547 FIO V-2 1970 19/11/2023 C-10 Books   05/11/2023
  Dewey Decimal Classification     Non-fiction Central Library, University of Rajshahi Central Library, University of Rajshahi   04/02/1973 Britain   547 FIO V-11 1970 06/03/2019 C-11 Books